000 02981nam a2200445 a 4500
001 001569762
003 AR-BaBN
005 20260508164526.0
007 ta
008 220823s2016 ag gr 001 0 spa
020 _a978-950-808-900-7
040 _aAR-BaBN
_bspa
_cAR-BaBN
_eaacr
080 1 _a305:37.02
_22016
245 0 0 _aEducación sexual integral con perspectiva de género :
_bla lupa de la ESI en el aula /
_cGraciela Morgade (coord) ; colaboración de Jesica Baez ... [et al.].
260 _aRosario :
_bHomo Sapiens,
_c2016.
300 _a134 p. ;
_c23 cm.
490 1 _aColección La Lupa de la ESI
504 _aIncluye notas y referencias bibliográficas a pie de página.
504 _aBibliografía: p. 131-134.
520 3 _aLa Educación Sexual Integral (ESI) es uno de los proyectos pedagógicos de mayor vigencia y vitalidad de las últimas décadas. Su vigencia se vincula con el sentido que propone para el trabajo en relación con los cuerpos y las sexualidades: promover la formación de sujetos más autónomos y más felices a partir de la perspectiva de género y de derechos humanos. Su vitalidad se apoya en una clave: la articulación entre la militancia de los movimientos sociosexuales, la producción de la academia comprometida y la decisión desde el estado de darle un lugar significativo en las políticas educativas. En 2016 enfrentamos el desafío de profundizar este proyecto en cada aula y en cada escuela. La colección “La lupa de la ESI” presenta aportes para las diferentes “materias” que forman el currículum escolar clásico, intentando desplegar un análisis de cómo se modifican los conocimientos de referencia de cada disciplina y también las formas de la enseñanza con la mirada de la ESI. Desde la investigación pedagógica en clases reales y con profesoras en ejercicio intentamos colaborar en la construcción de la “transversalidad” proclamada con frecuencia pero también frecuentemente ausente en las escuela.
_c(Descripción del editor).
650 4 _aEducación sexual integral
650 4 _aPerspectiva de género
650 4 _aRol sexual
650 4 _aIdentidad de género
650 4 _aIgualdad de género
700 1 _aBaez, Jesica
_econtribuidora
700 1 _aBusca, Marta
_econtribuidora
700 1 _aFainsod, Paula
_econtribuidora
700 1 _aGonzalez del Cerro, Catalina
_econtribuidora
700 1 _aMalizia, Andres
_econtribuidor
700 1 _aMorgade, Graciela
_eeditora literaria
700 1 _aOrtmann, Cecilia
_econtribuidora
700 1 _aRaele, Graciela
_econtribuidora
700 1 _aDíaz Villa, Gabi
_econtribuidor
700 1 _aZattara, Susana
_econtribuidora
700 1 _aMelo, Mónica
_econtribuidora
830 0 _aLa Lupa de la ESI (Homo Sapiens)
942 _2CDU
_cBK
_n1
998 _c1
999 _c22223
_d22223